Katedrála / Zdeněk Mahler
Record details
- ISBN: 80-85625-33-4
- Physical Description: 95 stran : ilustrace (některé barevné), plány ; 20 cm
- Publisher: Praha : Primus, 1994
Content descriptions
| General Note: | Na hřbetu označení: 48 5000 výtisků |
Search for related items by subject
| Subject: | Katedrála sv. Víta (Praha, Česko) katedrály > Česko katedrály > dějiny cathedrals > Czechia cathedrals > history Praha (Česko) Prague (Czechia) |
| Genre: | eseje essays |
Available copies
- 1 of 1 copy available at Common Catalog SPOK.
Holds
- 0 current holds with 1 total copy.
Show Only Available Copies
| Location | Call Number / Copy Notes | Barcode | Shelving Location | Status | Due Date |
|---|---|---|---|---|---|
| Jabok Library | BL-1/Ma | 424480042425 | Beletrie | Available | - |
| LDR | 01574cam a2200469 i 4500 | ||
|---|---|---|---|
| 001 | 45379 | ||
| 003 | CZ-PrJAB | ||
| 005 | 20220405133608.0 | ||
| 007 | ta | ||
| 008 | 950113s1994 xr ae e 000 1dcze | ||
| 015 | . | ‡acnb000103198 | |
| 020 | . | ‡a80-85625-33-4 ‡q(vázáno) | |
| 035 | . | ‡a(CZ PrNK)np9536547 | |
| 035 | . | ‡a(OCoLC)32001764 | |
| 035 | . | ‡a(OCoLC)320357183 | |
| 040 | . | ‡aABA001 ‡bcze ‡dABA001 ‡erda | |
| 043 | . | ‡ae-xr--- ‡be-xr-pg ‡2czenas | |
| 072 | 7. | ‡a72 ‡xArchitektura ‡2Konspekt ‡921 | |
| 080 | . | ‡a726.6 ‡2MRF | |
| 080 | . | ‡a(437.311) ‡2MRF | |
| 080 | . | ‡a(0:82-4) ‡2MRF | |
| 100 | 1 | . | ‡aMahler, Zdeněk, ‡d1928-2018 ‡7jk01072871 ‡4aut |
| 245 | 1 | 0. | ‡aKatedrála / ‡cZdeněk Mahler |
| 264 | 1. | ‡aPraha : ‡bPrimus, ‡c1994 | |
| 300 | . | ‡a95 stran : ‡bilustrace (některé barevné), plány ; ‡c20 cm | |
| 336 | . | ‡atext ‡btxt ‡2rdacontent | |
| 337 | . | ‡abez média ‡bn ‡2rdamedia | |
| 338 | . | ‡asvazek ‡bnc ‡2rdacarrier | |
| 500 | . | ‡aNa hřbetu označení: 48 | |
| 500 | . | ‡a5000 výtisků | |
| 610 | 2 | 7. | ‡aKatedrála sv. Víta (Praha, Česko) ‡7kn20010711032 ‡2czenas |
| 650 | 0 | 7. | ‡akatedrály ‡7ph114888 ‡zČesko ‡2czenas |
| 650 | 0 | 7. | ‡akatedrály ‡7ph114888 ‡xdějiny ‡2czenas |
| 650 | 0 | 9. | ‡acathedrals ‡zCzechia ‡2eczenas |
| 650 | 0 | 9. | ‡acathedrals ‡xhistory ‡2eczenas |
| 651 | 7. | ‡aPraha (Česko) ‡7ge118011 ‡2czenas | |
| 651 | 9. | ‡aPrague (Czechia) ‡2eczenas | |
| 655 | 7. | ‡aeseje ‡7fd132213 ‡2czenas | |
| 655 | 9. | ‡aessays ‡2eczenas | |
| 910 | . | ‡aABG312 | |
| 995 | . | ‡aska | |
| 901 | . | ‡a45379 ‡bCZ-PrJAB ‡c45379 ‡tbiblio | |